000 00243nam a22000977a 4500
022 _a0022-457X
082 _a631.54
245 _aJournal of Soil and water conservation
260 _aNew Delhi
_bSoil conservation society of India
942 _cCR
_s1
999 _c14018
_d14018